Central Library OPAC University of Rajshahi

বাঙালি জাতীয়তাবাদ ও বঙ্গবন্ধু / (Record no. 81046)

MARC details
000 -LEADER
fixed length control field 00879nam a2200229 a 4500
001 - CONTROL NUMBER
control field 81046
003 - CONTROL NUMBER IDENTIFIER
rucl marc code BD-RjUL
005 - DATE AND TIME OF LATEST TRANSACTION
control field 20230111105355.0
008 - FIXED-LENGTH DATA ELEMENTS--GENERAL INFORMATION
fixed length control field 230111s2021 bg ||||| |||| 00| 0 ben d
020 ## - INTERNATIONAL STANDARD BOOK NUMBER
International Standard Book Number 9789840761302
035 ## - SYSTEM CONTROL NUMBER
System control number (BD-RjUL)81046
040 ## - CATALOGING SOURCE
Original cataloging agency BD-RjUL
Language of cataloging eng
Transcribing agency BD-RjUL
041 ## - LANGUAGE CODE
Language code of text/sound track or separate title ben
082 ## - DEWEY DECIMAL CLASSIFICATION NUMBER
Edition number 23
Classification number 954.9205092
Author mark and year MOB 2021
100 ## - MAIN ENTRY--PERSONAL NAME
Personal name মন্তাজ, সাহেদ
9 (RLIN) 6515
245 ## - TITLE STATEMENT
Title বাঙালি জাতীয়তাবাদ ও বঙ্গবন্ধু /
Statement of responsibility, etc. সাহেদ মন্তাজ
260 ## - PUBLICATION, DISTRIBUTION, ETC. (IMPRINT)
Place of publication, distribution, etc. ঢাকা :
Name of publisher, distributor, etc. বাংলা একাডেমি,
Date of publication, distribution, etc. ২০২১
300 ## - PHYSICAL DESCRIPTION
Pagination ২০০ পৃ. :
Illustrations চিত্রসমূহ;
Size ২৩ সেমি.
600 ## - SUBJECT ADDED ENTRY--PERSONAL NAME
Personal name মুজিবুর রহমান, শেখ,
Dates associated with a name ১৯২০-১৯৭৫
Personal name Mujibur Rahman, Sheikh,
Dates associated with a name 1920-1975
942 ## - ADDED ENTRY ELEMENTS (KOHA)
Source of classification or shelving scheme Dewey Decimal Classification
Koha item type Books
Holdings
Lost status Source of classification or shelving scheme Damaged status Not for loan Collection code Permanent Location Current Location Shelving location Date acquired Source of acquisition Cost, normal purchase price Total Checkouts Full call number Date last seen Copy number Koha item type
  Dewey Decimal Classification   Not For Loan Non-fiction Central Library, University of Rajshahi Central Library, University of Rajshahi Bangabandhu Corner Section 13/11/2022 Rajshahi : Biddasagar 161.50   B 954.9205092 MOB 2021 11/01/2023 C-1 Books
  Dewey Decimal Classification     Non-fiction Central Library, University of Rajshahi Central Library, University of Rajshahi General Stacks 13/11/2022 Rajshahi : Biddasagar 161.50   B 954.9205092 MOB 2021 11/01/2023 C-2 Books